Normal view
MARC view
Entry Topical Term
001 - CONTROL NUMBER
- control field: 83529
003 - CONTROL NUMBER IDENTIFIER
- control field: OSt
005 - DATE AND TIME OF LATEST TRANSACTION
- control field: 20251217162626.0
008 - FIXED-LENGTH DATA ELEMENTS
- fixed length control field: 251217|| aca||aabn | a|a d
040 ## - CATALOGING SOURCE
- Original cataloging agency: OSt
- Transcribing agency: OSt
150 ## - HEADING--TOPICAL TERM
- Topical term or geographic name entry element: Biograhpy
670 ## - SOURCE DATA FOUND
- Source citation: Work cat.: (OSt)68473: Mishra,S.K. 83528, Deendayal Upadhyaya A Visionary Leader & Philosopher , 2022









